Carta Abierta a Dios

محفوظ في:
التفاصيل البيبلوغرافية
المؤلف الرئيسي: Escarpit, Robert
التنسيق: كتاب
اللغة:Undetermined
منشور في: Buenos Aires, Argentina Emecé 1968
الموضوعات:
الوسوم: إضافة وسم
لا توجد وسوم, كن أول من يضع وسما على هذه التسجيلة!

MARC

LEADER 00000nam a2200000Ia 4500
008 170316s9999 xx 000 0 und d
040 |a cru BVZT 
090 |a 840 E-1c 
100 |a Escarpit, Robert 
245 |a Carta Abierta a Dios 
260 |a Buenos Aires, Argentina 
260 |b Emecé 
260 |c 1968 
300 |a 139 páginas 
650 |a LITERATURA FRANCESA 
999 |c 7662  |d 7662 
942 |c 15 D  |h 840 E-1c  |2 z